On This Day: July 28th II Quiz Stats

 Plays Quiz Updated Jul 28, 2018

Score 0/7 Timer 03:00
0 Plays Today
Question Answer Wrong Answers
This empire declares war on Serbia following the assassination of Archduke Franz Ferdinand, effectively starting WWI.
1914
Austro-Hungarian
84.9%
German
9.3%
Russian
2.9%
French
1.6%
This Academy Awards Best Picture winner about mob violence, directed by Elia Kazan and starring Marlon Brando and Eva Marie Saint, makes its US premiere in New York City.
1954
On the Waterfront
78.9%
A Streetcar Named Desire
14.8%
The Bridge on the River Kwai
2.7%
Ben-Hur
2%
This radical Jacobin, once a pivotal leader of the French Revolution, is executed by guillotine for his role in the Reign of Terror.
1794
Maximilien Robespierre
78.4%
Marquis de Lafayette
12.1%
Jean-Paul Marat
7.9%
Georges Danton
1.5%
Eighteen-year old Vinnie Ream becomes the youngest artist and first woman to be commissioned by the US government when she was tasked with making a statue of this President for the Capitol rotunda.
1866
Abraham Lincoln
63.4%
George Washington
17.8%
Andrew Jackson
5%
Thomas Jefferson
13.4%
This Seattle Mariner becomes the 3rd player to hit home runs in 8 straight games.
1993
Ken Griffey Jr.
61%
Alex Rodriguez
11.9%
Jay Buhner
7.8%
Barry Bonds
17.2%
This amendment to the US Constitution, which, among other things, addresses citizenship and equal protection under the law, is ratified.
1868
14th
52.3%
13th
25.5%
19th
12.9%
21st
8.8%
This artist, known for found objects like a urinal he presented as art under the title ‘Fountain’ and parodies like a ‘Mona Lisa’ reproduction with a mustache and goatee, is born in France.
1887
Marcel Duchamp
48.2%
Pablo Picasso
7.2%
Claude Monet
4.9%
Salvador Dalí
38.9%

You're not logged in!

Compare scores with friends on all Sporcle quizzes.
OR
Log In

Sporcle TV

Today on Sporcle TV


Watch our educational content, quiz creation guides, and fun videos on Sporcle TV.

Show Comments

Extras

Top Quizzes Today


Score Distribution

Your Account Isn't Verified!

In order to create a playlist on Sporcle, you need to verify the email address you used during registration. Go to your Sporcle Settings to finish the process.

Report this User

Report this user for behavior that violates our Community Guidelines.

Details: